000 00340nam a22001457a 4500
008 210310b ||||| |||| 00| 0 eng d
020 _a9781111580186
041 _aeng
080 _23rd
_a330.101.541
082 _a330.101.541
100 _a52
101 _aMAKRO
245 _aContemporary Economics
_cMcEachern, W. A
942 _2udc
_cBK
999 _c56162
_d56162